| Tag |
First Indicator |
Second Indicator |
Subfields |
| LEADER |
00000cem a2200000 a 4500 |
| 001 |
in00002467669 |
| 005 |
20151110132012.0 |
| 007 |
aj canzn |
| 007 |
cr ||||||||||| |
| 008 |
910102s1990 dcu a f 0 eng |
| 010 |
|
|
|a 91680501
|
| 019 |
|
|
|a 22354743
|a 22354762
|
| 034 |
1 |
|
|a a
|b 41000
|d E0571600
|e E0575000
|f S0195500
|g S0203500
|
| 035 |
|
|
|a (OCoLC)ocm23046593
|
| 035 |
|
|
|a (OCoLC)23046593
|z (OCoLC)22354743
|z (OCoLC)22354762
|
| 040 |
|
|
|a DLC
|c DLC
|d GPO
|d UtOrBLW
|
| 043 |
|
|
|a i-mf---
|
| 049 |
|
|
|a TXAM
|
| 050 |
0 |
0 |
|a G9185 1990
|b .U5
|
| 052 |
|
|
|a 9185
|
| 052 |
|
|
|a 9186
|
| 074 |
|
|
|a 856-A-1
|
| 086 |
0 |
|
|a PrEx 3.10/4:M 44/5
|
| 086 |
0 |
|
|a PrEx 3.10/4:M 44/5/990
|
| 090 |
|
|
|a G9186.F1 1990
|b .U5
|
| 110 |
1 |
|
|a United States.
|b Central Intelligence Agency.
|
| 245 |
1 |
0 |
|a Mauritius.
|
| 255 |
|
|
|a Scale [ca. 1:41,000]
|c (E 57⁰16ʹ00ʺ--E 57⁰50ʹ00ʺ/S 19⁰55ʹ00ʺ--S 20⁰35ʹ00ʺ).
|
| 264 |
|
1 |
|a [Washington, D.C.] :
|b [Central Intelligence Agency],
|c [1990]
|
| 300 |
|
|
|a 1 map :
|b color ;
|c 20 x 17 cm.
|
| 336 |
|
|
|a cartographic image
|b cri
|2 rdacontent
|
| 337 |
|
|
|a computer
|b c
|2 rdamedia
|
| 338 |
|
|
|a online resource
|b cr
|2 rdacarrier
|
| 500 |
|
|
|a Also shows administrative divisions.
|
| 500 |
|
|
|a "Base 801497 (E00303) 7-90."
|
| 500 |
|
|
|a Includes location map, inset of Rodrigues Island, and note.
|
| 530 |
|
|
|a Available also through the Library of Congress Web site as a raster image.
|
| 500 |
|
|
|a Cartographic material.
|
| 651 |
|
0 |
|a Mauritius
|v Maps.
|
| 651 |
|
0 |
|a Mauritius
|x Administrative and political divisions
|v Maps.
|
| 752 |
|
|
|a Mauritius.
|
| 856 |
4 |
1 |
|u http://hdl.loc.gov/loc.gmd/g9185.ct001166
|t 0
|
| 994 |
|
|
|a C0
|b TXA
|
| 948 |
|
|
|a cataloged
|b h
|c 2009/6/15
|d c
|e jlanham
|f 11:51:35 am
|
| 999 |
|
|
|a MARS
|
| 999 |
f |
f |
|s cc03536b-8a6c-3e6c-83f0-f348d24c77fd
|i 337437b8-7b4f-3a38-ad41-2c46d000b423
|t 0
|
| 952 |
f |
f |
|p normal
|a Texas A&M University
|b College Station
|c Sterling C. Evans Library
|d Evans: Maps (2nd floor)
|t 0
|e G9186.F1 1990 .U5
|h Library of Congress classification
|i computer -- online resource
|m A14838792159
|
| 998 |
f |
f |
|a G9186.F1 1990 .U5
|t 0
|l Evans: Maps (2nd floor)
|